Pozostalostné pokračovanie

Bibliographic Details
Main Author: Slávik, Michal, 1880-1964 (Author, Compiler)
Format: Book
Language:Slovak
PhysicalDescription:225, 7, [2] s. 24 cm
Published: Myjava Nákladom vlastným 1931
Edition:2., dopl. vyd.
Subjects:

MARC

LEADER 00000cam a2200000 a 4500
001 vtls008396831
003 SK-MaSNL
005 20260301101031.0
008 241204s1931 xo gr 001 0 slo
015 |a SNBA19191938-011175 
020 |q (brož.) 
035 |a SK01SNKBSKHR20010089048 
035 |a SKM000091511 
040 |a SNK  |b slo  |c SNK  |e AACR2 
041 0 |a slo 
044 |a xo  |c SK 
072 7 |a 347  |x Súkromné právo  |2 konspekt 
080 |a 347.65/.68  |2 2011 
080 |a (048.8)  |2 2011 
100 1 |a Slávik, Michal,  |d 1880-1964  |4 aut  |4 com  |9 199385 
245 1 0 |a Pozostalostné pokračovanie  |c sostavil Michal Slávik 
250 |a 2., dopl. vyd. 
260 |a Myjava  |b Nákladom vlastným  |c 1931  |e Myjava  |f Daniel Pažický 
300 |a 225, 7, [2] s.  |c 24 cm 
500 |a 1. vyd. pozri pod názvom XVI. zák. článok z r. 1894 o pozostalostnom postupe... [1920] 
504 |a Obsahuje register 
650 0 7 |a dedičské právo  |2 SNKPH  |9 1308 
655 7 |a monografie  |2 SNKPH  |9 70139 
852 |a Slovenská národná knižnica 
954 |a odborná, vedecká literatúra pôvodná (slovenská)  |2 lita 
958 |a OND 
958 |a NB 
958 |a EUIPO 
999 |c 688049  |d 689979 
952 |a SNK  |b SNK  |y VYP  |7 0  |p 17A1547111  |o snkSC 1038 D2  |i snkD 1584/73  |8 1  |0 0  |1 0  |4 0  |d 2024-05-02  |l 0  |r 2026-02-23 20:18:05  |w 2026-02-23 
952 |a SNK  |b SNK  |y PREZ  |7 0  |p 17A0715351  |o snkSC 1038  |i snk671/37  |0 0  |1 0  |4 0  |d 2011-11-21  |f 1  |l 0  |r 2025-06-04 00:00:00  |w 2026-02-23 
952 |a SNK  |b SNK  |y VYP  |7 0  |p 17A0626236  |o snkSC 1038 D1  |i snkKSK 2355/56  |8 3  |0 0  |1 0  |4 0  |d 2009-10-21  |l 0  |r 2026-02-23 20:18:05  |w 2026-02-23